[Event "European Youth Chess Championship G16"]
[Site "Prague, Top Hotel Prague"]
[Date "2016.08.22"]
[Round "5.21"]
[White "Karykowska, Anna"]
[Black "Shpanko, Nadiia"]
[Result "1-0"]
[WhiteElo "1772"]
[BlackElo "2102"]
[PlyCount "57"]
[EventDate "2016.08.18"]

1. e4 c5 2. Nf3 d6 3. d4 cxd4 4. Nxd4 Nf6 5. Nc3 a6 6. g3 b5 7. Bg2 e5 8. Nde2
Bb7 9. a4 b4 10. Nd5 Nxd5 11. exd5 a5 12. O-O Be7 13. c3 bxc3 14. Nxc3 O-O 15.
Be3 f5 16. Qb3 Ba6 17. Bb6 Qd7 18. Nb5 Bd8 19. Bxd8 Qxd8 20. Rfc1 Bxb5 21. axb5
Nd7 22. Rc6 Nb8 23. b6 a4 24. Qc4 Ra5 25. b4 Nxc6 26. dxc6+ d5 27. c7 Qd7 28.
Bxd5+ Rxd5 29. Rd1 1-0

[Event "European Youth Chess Championship G16"]
[Site "Prague, Top Hotel Prague"]
[Date "2016.08.22"]
[Round "5.22"]
[White "Egyed, Judit"]
[Black "Jorge, Rita Maria Osorio"]
[Result "1/2-1/2"]
[WhiteElo "1979"]
[BlackElo "1794"]
[PlyCount "129"]
[EventDate "2016.08.18"]

1. e4 c5 2. Nf3 Nc6 3. d4 cxd4 4. Nxd4 g6 5. Nc3 Bg7 6. Be3 Nf6 7. Bc4 O-O 8.
Bb3 d6 9. f3 Bd7 10. Qd2 Qa5 11. O-O-O Rfc8 12. h4 h5 13. Kb1 Ne5 14. Bg5 Nc4
15. Bxc4 Rxc4 16. Nb3 Qa6 17. Bxf6 Bxf6 18. Nd5 Be6 19. Nxf6+ exf6 20. Qxd6 Qa4
21. Rd2 Rac8 22. Rhd1 f5 23. Qe5 Re8 24. Rd8 Rc8 25. Rxe8+ Rxe8 26. Qd4 Qa6 27.
exf5 Bxf5 28. g4 hxg4 29. fxg4 Be4 30. Nc5 Qe2 31. Nxe4 Rxe4 32. Qd8+ Re8 33.
Qd7 Re7 34. Qc8+ Re8 35. Qd7 Re7 36. Qd4 Re4 37. Qd3 Qxg4 38. Qd8+ Kg7 39. Rh1
Rd4 40. Qg5 Qxg5 41. hxg5 Rg4 42. Rd1 Rxg5 43. a4 a6 44. Rd7 b5 45. Ra7 bxa4
46. Rxa6 Rg4 47. Kc1 Re4 48. Kd2 g5 49. Kd3 f5 50. c4 g4 51. Rxa4 Re1 52. Kd2
Re6 53. Ra1 g3 54. Re1 Rb6 55. Rb1 Rb3 56. c5 Kf6 57. Kc2 Rb5 58. b4 f4 59. Kd3
Ke5 60. c6 Kd6 61. Ke4 Kxc6 62. Kxf4 g2 63. Kf3 Rxb4 64. Rc1+ Kb5 65. Kxg2
1/2-1/2

[Event "European Youth Chess Championship G16"]
[Site "Prague, Top Hotel Prague"]
[Date "2016.08.22"]
[Round "5.23"]
[White "Vrtiakova, Anna"]
[Black "Nass, Sara"]
[Result "1-0"]
[WhiteElo "1952"]
[BlackElo "1814"]
[PlyCount "105"]
[EventDate "2016.08.18"]

1. e4 c5 2. Nf3 d6 3. d4 cxd4 4. Nxd4 Nf6 5. Nc3 a6 6. Be3 e6 7. Be2 Nc6 8. g4
Nxd4 9. Bxd4 h6 10. Bf3 Qa5 11. Qe2 Nd7 12. Bg2 Rb8 13. O-O b5 14. a3 Bb7 15.
f4 e5 16. Be3 Be7 17. Rad1 Nf6 18. g5 hxg5 19. fxg5 Nd7 20. Qg4 Qc7 21. Rf2 f6
22. Qf5 Nf8 23. Rd3 Bc8 24. Qf3 Be6 25. Nd5 Bxd5 26. exd5 b4 27. axb4 Rxb4 28.
Rc3 Rc4 29. Rxc4 Qxc4 30. Bf1 Qa4 31. b3 Qa5 32. Bd2 Qb6 33. Be3 Qb7 34. Bc1
Bd8 35. c4 fxg5 36. Rg2 Qf7 37. Qe2 Nd7 38. Bxg5 Bxg5 39. Rxg5 Nc5 40. b4 Nb3
41. Qg2 Nd4 42. Rxg7 Nf3+ 43. Kf2 Qf8 44. Qg6+ Kd8 45. Rf7 Qh6 46. Qxh6 Rxh6
47. Kxf3 Rxh2 48. Ra7 Ra2 49. b5 a5 50. Bh3 Rc2 51. b6 Rxc4 52. Ra8+ Ke7 53. b7
1-0

[Event "European Youth Chess Championship G16"]
[Site "Prague, Top Hotel Prague"]
[Date "2016.08.22"]
[Round "5.24"]
[White "Stashis, Anna"]
[Black "Ciocan, Maria-Alexandra"]
[Result "1-0"]
[WhiteElo "1926"]
[BlackElo "1742"]
[PlyCount "69"]
[EventDate "2016.08.18"]

1. e4 e6 2. d4 d5 3. Nc3 Nc6 4. Nf3 Nf6 5. Bg5 Be7 6. e5 Ne4 7. Bxe7 Qxe7 8.
Bd3 f5 9. a3 Bd7 10. h4 O-O-O 11. Ne2 g5 12. hxg5 Nxg5 13. Qd2 Ne4 14. Qe3 Kb8
15. O-O-O Na5 16. Bxe4 fxe4 17. Nd2 Qg7 18. Nf4 Rdf8 19. g3 Qe7 20. b4 Nc6 21.
Qc3 b6 22. Rh6 Kb7 23. Rdh1 Qe8 24. Nf1 a5 25. bxa5 Nxa5 26. Ne3 Qe7 27. Ng4
Nc4 28. Nf6 Be8 29. Qb4 c5 30. dxc5 Qc7 31. Rxh7 Rxh7 32. Rxh7 Bf7 33. Ng4 Rg8
34. Nxe6 Qe7 35. c6+ 1-0

[Event "European Youth Chess Championship G16"]
[Site "Prague, Top Hotel Prague"]
[Date "2016.08.22"]
[Round "5.25"]
[White "Limanovska, Elizabete"]
[Black "Tumova, Anna"]
[Result "1-0"]
[WhiteElo "1924"]
[BlackElo "1787"]
[PlyCount "39"]
[EventDate "2016.08.18"]

1. e4 e6 2. d4 d5 3. Nd2 dxe4 4. Nxe4 Nd7 5. Nf3 Ngf6 6. Nxf6+ Nxf6 7. Bd3 Bd7
8. O-O Bd6 9. Re1 c5 10. dxc5 Bxc5 11. Ne5 Qb6 12. Qf3 O-O 13. Bg5 Bc6 14. Nxc6
Qxc6 15. Qh3 Rfd8 16. Bxf6 gxf6 17. Re4 Rd4 18. Rxd4 Bxd4 19. Qxh7+ Kf8 20.
Qh8+ 1-0

[Event "European Youth Chess Championship G16"]
[Site "Prague, Top Hotel Prague"]
[Date "2016.08.22"]
[Round "5.26"]
[White "Kopcova, Ludmila"]
[Black "Imperor, Amelie"]
[Result "0-1"]
[WhiteElo "1738"]
[BlackElo "1874"]
[PlyCount "86"]
[EventDate "2016.08.18"]

1. e4 c5 2. Nf3 e6 3. b3 d6 4. Bb5+ Nd7 5. Bb2 Ngf6 6. Qe2 Be7 7. O-O O-O 8.
Bxd7 Bxd7 9. d4 cxd4 10. Nxd4 d5 11. exd5 exd5 12. Nc3 Bd6 13. h3 Re8 14. Qd3
Bc6 15. Rfe1 Qb6 16. a4 Bc5 17. Nce2 Rad8 18. Ba3 Rxe2 19. Rxe2 Bxd4 20. Rd1
Bc5 21. Bb2 d4 22. Bc1 Nd5 23. Bd2 Qc7 24. Qf5 Bf8 25. Rde1 g6 26. Qg4 Bg7 27.
Bg5 Rf8 28. Bh4 Bd7 29. Qf3 Be6 30. Bg3 Qc3 31. Qxc3 Nxc3 32. Rd2 Bf5 33. f3 b5
34. axb5 Nxb5 35. Re7 Bh6 36. f4 Rc8 37. Rb7 Nd6 38. Rxa7 Ne4 39. Rd3 Nxg3 40.
Rxg3 Bxf4 41. Rf3 Be3+ 42. Rxe3 dxe3 43. Re7 Be6 0-1

[Event "European Youth Chess Championship G16"]
[Site "Prague, Top Hotel Prague"]
[Date "2016.08.22"]
[Round "5.27"]
[White "Golub, Nikolina"]
[Black "Nemeth, Noemi Anna"]
[Result "0-1"]
[WhiteElo "1870"]
[BlackElo "1690"]
[PlyCount "112"]
[EventDate "2016.08.18"]

1. d4 d5 2. c4 e6 3. Nc3 Nf6 4. Nf3 Be7 5. Bf4 c5 6. cxd5 Nxd5 7. Nxd5 Qxd5 8.
Qc2 Nc6 9. dxc5 e5 10. e4 Nd4 11. Nxd4 Qxd4 12. Rd1 Qb4+ 13. Bd2 Qxc5 14. Qxc5
Bxc5 15. Bb5+ Ke7 16. Bc3 f6 17. Rd5 Bd6 18. a3 Be6 19. Rd2 Rac8 20. O-O Bxa3
21. Rfd1 Bc5 22. Bd7 Rcd8 23. Bxe6 Rxd2 24. Rxd2 Kxe6 25. Rd5 Rc8 26. Kf1 $11
b6 27. f3 a5 28. Ke2 a4 29. Rd1 b5 30. b3 b4 31. Ba1 a3 32. Rb1 Bd4 33. Bxd4
exd4 34. Kd3 Rc3+ 35. Kxd4 Rxb3 36. Rxb3 a2 37. Kc4 a1=Q 38. Kxb4 Qa2 39. g3
Qxh2 40. f4 Qe2 41. Kc5 Qc2+ 42. Kb4 Qxe4+ 43. Kc3 Kf5 44. Kd2 Qd5+ 45. Rd3
Qxd3+ 46. Kxd3 Kg4 47. Ke4 h5 48. Kd5 Kxg3 49. f5 h4 50. Ke6 Kg4 51. Kf7 Kxf5
52. Kxg7 h3 53. Kf7 h2 54. Kg7 h1=Q 55. Kf7 Qh7+ 56. Ke8 Ke6 0-1

[Event "European Youth Chess Championship G16"]
[Site "Prague, Top Hotel Prague"]
[Date "2016.08.22"]
[Round "5.28"]
[White "Ambrozova, Lucie"]
[Black "Tomic, Jelena"]
[Result "0-1"]
[WhiteElo "1862"]
[BlackElo "1631"]
[PlyCount "110"]
[EventDate "2016.08.18"]

1. e4 d5 2. exd5 Qxd5 3. Nc3 Qa5 4. d4 Nf6 5. Nf3 c6 6. Bc4 Bf5 7. Bd2 Nbd7 8.
Qe2 e6 9. O-O-O Bb4 10. a3 Bxc3 11. Bxc3 Qc7 12. Bb3 O-O-O 13. Ne5 Nxe5 14.
Qxe5 Ne4 15. Qxc7+ Kxc7 16. Be1 Rd7 17. f3 Nf6 18. Bg3+ Kc8 19. Be5 Rg8 20. Rd2
Nd5 21. g4 Bg6 22. Re1 b5 23. h4 h6 24. h5 Bh7 25. Rg1 a5 26. Bh2 Rb7 27. a4
Kd7 28. g5 hxg5 29. Rxg5 f6 30. Rg1 Ke7 31. Rdg2 Kf7 32. Bg3 Nb6 33. axb5 cxb5
34. Re2 Bf5 35. Rge1 Nc4 36. Bf4 a4 37. Ba2 Rc8 38. Rd1 b4 39. Bb1 b3 40. c3 a3
41. Bxf5 exf5 42. Kb1 axb2 43. Rxb2 Nxb2 44. Kxb2 Ra8 45. Ra1 Rxa1 46. Kxa1 Ke6
47. Kb2 Kd5 48. Bg3 Kc4 49. Bd6 Ra7 50. Bb4 Ra2+ 51. Kb1 Rf2 52. d5 Kxd5 53.
Bf8 Rg2 54. Be7 Kc4 55. Bb4 Rf2 0-1

[Event "European Youth Chess Championship G16"]
[Site "Prague, Top Hotel Prague"]
[Date "2016.08.22"]
[Round "5.29"]
[White "Vavrinkova, Eliska"]
[Black "Scarpa, Silvia"]
[Result "0-1"]
[WhiteElo "1716"]
[BlackElo "1848"]
[PlyCount "64"]
[EventDate "2016.08.18"]

 1. d4 Nf6 2. Nf3 c5 3. c4 g6 4. Nc3 cxd4 5.
Nxd4 Bg7 6. g3 O-O 7. Bg2 Nc6 8. Nc2 d6 9. O-O Bd7 10. b3 Qc8 11. Bb2 Bh3 12.
Rb1 Bxg2 13. Kxg2 Qd7 14. e4 Rab8 15. f4 Rfc8 16. Qe2 a6 17. Rbd1 Qc7 18. Ne3
Qa5 19. a3 b5 20. b4 Qb6 21. Ned5 Nxd5 22. Nxd5 Qb7 23. Bxg7 Kxg7 24. cxb5 Qxb5
25. Qb2+ Kg8 26. e5 dxe5 27. fxe5 Rd8 28. Nc7 Qb7 29. Nd5 Rxd5 30. Rxd5 Nxb4
31. axb4 Qxd5+ 32. Kg1 a5 0-1

[Event "European Youth Chess Championship G16"]
[Site "Prague, Top Hotel Prague"]
[Date "2016.08.22"]
[Round "5.30"]
[White "Ahmadova, Irada"]
[Black "Lomandong, Noela-Joyce"]
[Result "1/2-1/2"]
[WhiteElo "1627"]
[BlackElo "1841"]
[PlyCount "80"]
[EventDate "2016.08.18"]

1. e4 g6 2. d4 c6 3. Nc3 Bg7 4. Nf3 d5 5. e5 Bg4 6. Be2 Bxf3 7. Bxf3 e6 8. O-O
Nh6 9. g3 Nf5 10. Bg2 O-O 11. Nb1 Qb6 12. c3 Nd7 13. Qb3 c5 14. Qxb6 axb6 15.
Rd1 cxd4 16. cxd4 Nb8 17. g4 Nh4 18. Bg5 Nxg2 19. Kxg2 Nc6 20. Nc3 f6 21. Bxf6
Bxf6 22. exf6 Rxf6 23. Nb5 Rf4 24. h3 Raf8 25. Rd2 h5 26. gxh5 gxh5 27. Re1
R8f6 28. Re3 h4 29. Rde2 Rg6+ 30. Kf1 Kf7 31. Rd2 Ke7 32. a3 Kd7 33. Red3 Ne7
34. Nc3 Rgf6 35. Kg2 R4f5 36. Nd1 Rg5+ 37. Kf1 Nf5 38. Ke2 Nd6 39. Rf3 Rfg6 40.
Ne3 Ne4 1/2-1/2

[Event "European Youth Chess Championship G16"]
[Site "Prague, Top Hotel Prague"]
[Date "2016.08.22"]
[Round "5.31"]
[White "Henderson, de La Fuente Andrea"]
[Black "Nepomnyaschaya, Mariya"]
[Result "1-0"]
[WhiteElo "2027"]
[BlackElo "1569"]
[PlyCount "63"]
[EventDate "2016.08.18"]

1. e4 c5 2. Nc3 Nc6 3. g3 g6 4. Bg2 Bg7 5. d3 d6 6. Be3 Rb8 7. Qd2 b5 8. Nge2
b4 9. Nd1 Nd4 10. Nc1 e6 11. c3 bxc3 12. bxc3 Nc6 13. f4 Nge7 14. O-O O-O 15.
Ne2 Ba6 16. f5 exf5 17. exf5 gxf5 18. Bh6 Ne5 19. Bxg7 Kxg7 20. Nf4 N5g6 21.
Nh5+ Kh8 22. Qh6 Rg8 23. Qg5 Nc8 24. Qxf5 Rf8 25. Nf6 Kg7 26. Ne3 h6 27. Bd5
Qe7 28. Neg4 Qe2 29. Nh5+ Kh7 30. Qf6 Rg8 31. Qxf7+ Rg7 32. Qxg7# 1-0

[Event "European Youth Chess Championship G16"]
[Site "Prague, Top Hotel Prague"]
[Date "2016.08.22"]
[Round "5.32"]
[White "Silva, Ana Ines Teixeira Da"]
[Black "Nazarova, Anastasia"]
[Result "1-0"]
[WhiteElo "1781"]
[BlackElo "2006"]
[PlyCount "83"]
[EventDate "2016.08.18"]

1. e4 c5 2. Nc3 Nc6 3. g3 g6 4. Bg2 Bg7 5. d3 d6 6. f4 e6 7. Nf3 Nge7 8. O-O
O-O 9. Be3 Nd4 10. e5 Nec6 11. Ne4 dxe5 12. Nxe5 Nxe5 13. fxe5 Bxe5 14. c3 Nf5
15. Bxc5 Re8 16. Qf3 Qc7 17. Qf2 b6 18. d4 bxc5 19. dxe5 Qxe5 20. g4 Bb7 21.
Rae1 Qg7 22. gxf5 exf5 23. Nd6 Rxe1 24. Rxe1 Bxg2 25. Qxg2 Rd8 26. Nb7 Rc8 27.
Nxc5 Qf8 28. Nd7 Qd6 29. Qb7 Rd8 30. Ne5 Rf8 31. Qxa7 Qd2 32. Qf2 Qg5+ 33. Qg2
Qh4 34. Qg3 Qa4 35. b4 Qxa2 36. Qd3 Qa7+ 37. Qd4 Qc7 38. Nd7 Rd8 39. Nf6+ Kf8
40. Nxh7+ Kg8 41. Nf6+ Kf8 42. Nd5 1-0

[Event "European Youth Chess Championship G16"]
[Site "Prague, Top Hotel Prague"]
[Date "2016.08.22"]
[Round "5.33"]
[White "Markova, Ralitca"]
[Black "Khristenko, Anna"]
[Result "1/2-1/2"]
[WhiteElo "1581"]
[BlackElo "1957"]
[PlyCount "144"]
[EventDate "2016.08.18"]

1. d4 Nf6 2. c4 g6 3. Nc3 Bg7 4. e4 d6 5. f4 O-O 6. Nf3 c6 7. e5 Ne8 8. Be2 a6
9. a4 Nc7 10. O-O a5 11. d5 Nca6 12. Be3 Bg4 13. h3 Bxf3 14. Bxf3 dxe5 15. fxe5
Bxe5 16. Bd4 Bxd4+ 17. Qxd4 cxd5 18. Nxd5 Nc6 19. Qe3 Qd6 20. Nb6 Rad8 21. Rad1
Qc5 22. Qxc5 Nxc5 23. Rd5 Rxd5 24. cxd5 Ne5 25. Rc1 Nxf3+ 26. gxf3 Na6 27. Re1
e6 28. d6 Rd8 29. Rd1 Kf8 30. Nc4 Nc5 31. Nxa5 Nxa4 32. Nxb7 Rd7 33. b3 Nc3 34.
Nc5 Nxd1 35. Nxd7+ Ke8 36. Nf6+ Kd8 37. Nxh7 Kd7 38. Ng5 Kxd6 39. Nxf7+ Ke7 40.
Ng5 Ne3 41. Kf2 Nd5 42. Ke2 Kf6 43. Ne4+ Ke5 44. Kf2 Kf4 45. Nc5 Kf5 46. Nd3 e5
47. Ke2 e4 48. fxe4+ Kxe4 49. Nf2+ Kd4 50. Kf3 Kc3 51. Ke4 Nf6+ 52. Kf4 Kxb3
53. Kg5 Nd5 54. Nd3 Kc3 55. Nf4 Ne7 56. Nxg6 Ng8 57. Nf8 Kd4 58. h4 Ke5 59. h5
Kd6 60. Kg6 Ne7+ 61. Kf6 Ng8+ 62. Kg7 Ne7 63. Ng6 Nf5+ 64. Kf6 Nh6 65. Nf8 Ng8+
66. Kf7 Nh6+ 67. Kg6 Ng8 68. Nh7 Ke5 69. Nf8 Kd6 70. Kg7 Ne7 71. Ng6 Nf5+ 72.
Kf8 Ke6 1/2-1/2

[Event "European Youth Chess Championship G16"]
[Site "Prague, Top Hotel Prague"]
[Date "2016.08.22"]
[Round "5.34"]
[White "Giordano, Giulia"]
[Black "Blond Hanten, Elsa"]
[Result "1-0"]
[WhiteElo "1831"]
[BlackElo "1731"]
[PlyCount "49"]
[EventDate "2016.08.18"]

1. d4 Nf6 2. Nf3 g6 3. c4 Bg7 4. Nc3 d5 5. Qb3 dxc4 6. Qxc4 O-O 7. e4 b6 8. Bf4
c6 9. Qa4 Bb7 10. Be2 Nbd7 11. Rd1 Re8 12. O-O Qc8 13. Rd2 Nh5 14. Be3 e5 15.
dxe5 Nxe5 16. Nxe5 Rxe5 17. Rfd1 Bf6 18. f4 Ra5 19. Qb3 Ng7 20. Rd7 Ne6 21. Bc4
Bxc3 22. Bxe6 fxe6 23. Qxe6+ Kh8 24. bxc3 Qf8 25. Bd4+ 1-0

[Event "European Youth Chess Championship G16"]
[Site "Prague, Top Hotel Prague"]
[Date "2016.08.22"]
[Round "5.35"]
[White "Zach, Asif"]
[Black "Yurovskikh, Yasmin"]
[Result "0-1"]
[WhiteElo "1569"]
[BlackElo "1842"]
[PlyCount "106"]
[EventDate "2016.08.18"]

1. e4 d5 2. exd5 Qxd5 3. Nc3 Qa5 4. b4 Qxb4 5. Rb1 Qd6 6. d4 Nf6 7. Nf3 g6 8.
Bc4 Bg7 9. Rb3 O-O 10. Nb5 Qd8 11. Bf4 Na6 12. O-O c6 13. Nc3 b5 14. Be2 Nc7
15. Ne5 Bb7 16. Bf3 Ncd5 17. Nxd5 Nxd5 18. Bg3 Rb8 19. Nd3 Rc8 20. c4 bxc4 21.
Rxb7 cxd3 22. Qxd3 Qa5 23. a3 Rfd8 24. h3 Nc3 25. Bc7 Rxc7 26. Rxc7 Qxc7 27.
Qxc3 Bxd4 28. Qxc6 Qxc6 29. Bxc6 Kf8 30. Kh2 e5 31. f3 Ke7 32. a4 Rb8 33. Bb5
Rc8 34. Re1 f5 35. Re2 Kd6 36. Kg3 Kd5 37. Kh4 e4 38. fxe4+ fxe4 39. Ba6 Rc7
40. Kg4 h6 41. Bb5 Rf7 42. Be8 Rf6 43. Bb5 Be5 44. Rd2+ Ke6 45. Re2 Rf4+ 46.
Kg3 Kf5 47. Kh2 Rf3+ 48. Kg1 Bd4+ 49. Kh2 Rc3 50. Ba6 Be5+ 51. Kg1 Bg3 52. Ra2
Rc1+ 53. Bf1 e3 0-1

[Event "European Youth Chess Championship G16"]
[Site "Prague, Top Hotel Prague"]
[Date "2016.08.22"]
[Round "5.36"]
[White "Waardenburg, Feline"]
[Black "Gailiunaite, Saule"]
[Result "0-1"]
[WhiteElo "1559"]
[BlackElo "1844"]
[PlyCount "68"]
[EventDate "2016.08.18"]

1. c4 f5 2. Nf3 Nf6 3. g3 g6 4. Bg2 Bg7 5. Nc3 O-O 6. O-O d6 7. Rb1 e5 8. d3
Nc6 9. b4 h6 10. b5 Ne7 11. c5 g5 12. e3 Ng6 13. Qb3+ Kh8 14. cxd6 cxd6 15. Ba3
f4 16. exf4 exf4 17. Nd2 Ne8 18. Nce4 g4 19. Rfe1 Ne5 20. Qd5 fxg3 21. hxg3 Qb6
22. Re2 Nf3+ 23. Kh1 Rf5 24. Qb3 Rh5+ 25. Bh3 Rxh3+ 26. Kg2 Rh2+ 27. Kf1 Nd4
28. Qf7 Be6 29. Qg6 Nxe2 30. Kxe2 d5 31. Bc5 Qd8 32. Qxe6 dxe4 33. Nxe4 Qc8 34.
Qg6 b6 0-1

[Event "European Youth Chess Championship G16"]
[Site "Prague, Top Hotel Prague"]
[Date "2016.08.22"]
[Round "5.37"]
[White "Manova, Ivana"]
[Black "Novotna, Tereza"]
[Result "0-1"]
[WhiteElo "1792"]
[BlackElo "1566"]
[PlyCount "48"]
[EventDate "2016.08.18"]

1. e4 c5 2. Nf3 Nc6 3. d4 cxd4 4. Nxd4 g6 5. Be3 Bg7 6. Nc3 Nf6 7. f3 O-O 8.
Qd2 d5 9. O-O-O dxe4 10. Nxc6 Qxd2+ 11. Rxd2 bxc6 12. Nxe4 Nd5 13. Bg5 f6 14.
c4 fxg5 15. cxd5 cxd5 16. Rxd5 Be6 17. Ra5 Rfc8+ 18. Nc5 Rab8 19. Kd1 Rd8+ 20.
Bd3 Bf5 21. Rxa7 Rxb2 22. Rxe7 Rb1+ 23. Ke2 Bxd3+ 24. Kf2 Bd4+ 0-1

[Event "European Youth Chess Championship G16"]
[Site "Prague, Top Hotel Prague"]
[Date "2016.08.22"]
[Round "5.38"]
[White "Koljevic, Nikolina"]
[Black "Bierska, Adela"]
[Result "1/2-1/2"]
[WhiteElo "1509"]
[BlackElo "1722"]
[PlyCount "99"]
[EventDate "2016.08.18"]

1. e4 e6 2. d4 d5 3. Nc3 Bb4 4. exd5 exd5 5. Bd3 Nc6 6. Nge2 Bg4 7. f3 Be6 8.
O-O Qf6 9. a3 Ba5 10. Kh1 O-O-O 11. Bb5 Nge7 12. Na4 g5 13. Bxc6 Nxc6 14. b4
Bb6 15. Nc5 Bf5 16. c3 Rde8 17. a4 Bxc5 18. dxc5 Qe5 19. Nd4 Nxd4 20. cxd4 Qg7
21. b5 g4 22. a5 gxf3 23. Qxf3 Be4 24. Qg3 Qxg3 25. hxg3 Rhg8 26. Kh2 f5 27. b6
cxb6 28. cxb6 a6 29. Bf4 Kd7 30. Rac1 Rc8 31. Rc7+ Rxc7 32. bxc7 Rc8 33. Rc1
Bd3 34. Rc3 Be4 35. Rb3 Rxc7 36. Bxc7 Kxc7 37. Rb6 Bd3 38. Rh6 Be2 39. Rxh7+
Kc6 40. Kg1 Bd3 41. Kf2 Be4 $11 42. Rg7 Kb5 43. Rxb7+ Kxa5 44. Rb2 Ka4 45. Ra2+
Kb5 46. Ke3 a5 47. Kf4 Kb4 48. g4 fxg4 49. Kxg4 a4 50. Rb2+ $11 1/2-1/2

[Event "European Youth Chess Championship G16"]
[Site "Prague, Top Hotel Prague"]
[Date "2016.08.22"]
[Round "5.39"]
[White "Espinosa, Cancino Monica"]
[Black "Manitcaia, Alina"]
[Result "1/2-1/2"]
[WhiteElo "1682"]
[BlackElo "1496"]
[PlyCount "69"]
[EventDate "2016.08.18"]

1. d4 d5 2. Nf3 Nf6 3. e3 Bf5 4. Be2 e6 5. b3 Be7 6. Bb2 Nbd7 7. O-O O-O 8.
Nbd2 c6 9. Rc1 Qc7 10. Ne5 Nxe5 11. dxe5 Ne4 12. f3 Nxd2 13. Qxd2 a5 14. Bd3
Bg6 15. f4 Bf5 16. Qe2 Bxd3 17. cxd3 a4 18. Qg4 axb3 19. axb3 Qb6 20. Rf3 Qxb3
21. Rg3 g6 22. Bc3 Ba3 23. Qd1 Qxd1+ 24. Rxd1 Be7 25. e4 f5 26. exd5 exd5 27.
Rb1 b5 28. d4 Rfb8 29. Bb4 Bxb4 30. Rxb4 $11 Ra1+ 31. Kf2 Rba8 32. Rgb3 R8a2+
33. Rb2 Rxb2+ 34. Rxb2 Ra4 35. Ke3 1/2-1/2

[Event "European Youth Chess Championship G16"]
[Site "Prague, Top Hotel Prague"]
[Date "2016.08.22"]
[Round "5.40"]
[White "Karatiken, Seray"]
[Black "Markocic, Spela"]
[Result "0-1"]
[WhiteElo "1489"]
[BlackElo "1680"]
[PlyCount "76"]
[EventDate "2016.08.18"]

1. d4 Nf6 2. c4 g6 3. Nc3 Bg7 4. e4 d6 5. Nf3 O-O 6. Be2 c5 7. Be3 cxd4 8. Nxd4
Nc6 9. O-O Bd7 10. Rb1 Nxd4 11. Bxd4 Bc6 12. f3 a5 13. Nd5 Nd7 14. Bxg7 Kxg7
15. Qd4+ Kg8 16. Rfd1 Bxd5 17. cxd5 Nc5 18. b3 Qd7 19. Qc4 Qc7 20. a3 Qb6 21.
Qb5 Qa7 22. Kf1 f5 23. b4 axb4 24. axb4 Nxe4 25. fxe4 fxe4+ 26. Ke1 Qf2+ 27.
Kd2 Ra2+ 28. Kc3 Rxe2 29. Qxb7 Rc2+ 30. Kb3 Qe3+ 31. Ka4 Ra2+ 32. Kb5 Ra7 33.
Qxa7 Qxa7 34. Ra1 Rb8+ 35. Kc4 Qc7+ 36. Kb3 Qb6 37. Ra4 e3 38. Re1 Qd4 0-1

[Event "European Youth Chess Championship G16"]
[Site "Prague, Top Hotel Prague"]
[Date "2016.08.22"]
[Round "5.41"]
[White "Daliga, Anita"]
[Black "Smith, Sarah E"]
[Result "1/2-1/2"]
[WhiteElo "1638"]
[BlackElo "1478"]
[PlyCount "54"]
[EventDate "2016.08.18"]

1. e4 c6 2. d4 d5 3. e5 Bf5 4. g4 Bg6 5. h4 h6 6. h5 Bh7 7. Nh3 e6 8. Bd3 Bxd3
9. Qxd3 Nd7 10. g5 hxg5 11. Nxg5 Be7 12. Nxf7 Kxf7 13. Qg6+ Kf8 14. Qxe6 Nh6
15. Rh3 Qe8 16. Bd2 Nf7 17. Qf5 Bf6 18. f4 Nh6 19. Qd3 Qe6 20. Nc3 Be7 21.
O-O-O Nf5 22. Ne2 Bh4 23. Rg1 Rxh5 24. Rgh1 g6 25. Qf3 Kf7 26. Be1 Rah8 27. Bd2
Nb6 1/2-1/2

[Event "European Youth Chess Championship G16"]
[Site "Prague, Top Hotel Prague"]
[Date "2016.08.22"]
[Round "5.43"]
[White "Smajzrova, Veronika"]
[Black "Garcia, Megan Alyssa"]
[Result "1/2-1/2"]
[WhiteElo "1442"]
[BlackElo "1592"]
[PlyCount "74"]
[EventDate "2016.08.18"]

1. e4 d5 2. exd5 Qxd5 3. Nc3 Qa5 4. d4 Nf6 5. Nf3 c6 6. Bd2 Qc7 7. Bc4 Bg4 8.
Qe2 e6 9. O-O-O Nbd7 10. h3 Bxf3 11. Qxf3 Nb6 12. Bb3 O-O-O 13. Bg5 Be7 14.
Rhe1 h6 15. Bf4 Bd6 16. Bxd6 Qxd6 17. Ne4 Nxe4 18. Rxe4 Nd5 19. Qxf7 Rhf8 20.
Qxe6+ Qxe6 21. Rxe6 Rxf2 22. Bxd5 Rxd5 23. Rg6 Rg5 24. Rxg5 hxg5 25. Rg1 Kd7
26. g3 Kd6 27. c4 b5 28. cxb5 cxb5 29. Re1 Kd5 30. Re5+ Kc4 31. b3+ Kxd4 32.
Rxb5 Rxa2 33. Rxg5 Kc3 34. Kb1 Rb2+ 35. Ka1 Rxb3 36. Rxg7 a5 37. Rf7 Kd2
1/2-1/2

[Event "European Youth Chess Championship G16"]
[Site "Prague, Top Hotel Prague"]
[Date "2016.08.22"]
[Round "5.44"]
[White "Condes, Alexie Sheen"]
[Black "Urbanc, Ana"]
[Result "0-1"]
[WhiteElo "1469"]
[BlackElo "1681"]
[PlyCount "106"]
[EventDate "2016.08.18"]

1. e4 c5 2. Nf3 Nc6 3. d4 cxd4 4. Nxd4 d6 5. Nc3 Nf6 6. Be3 a6 7. f3 e5 8. Nxc6
bxc6 9. Qd2 Be6 10. O-O-O d5 11. exd5 cxd5 12. Bf2 Qa5 13. Qd3 d4 14. Bxd4 exd4
15. Qxd4 Bc5 16. Qa4+ Qxa4 17. Nxa4 Be3+ 18. Kb1 O-O 19. Nc3 a5 20. Bb5 Rfd8
21. Rhe1 Bd2 22. Re2 Bxc3 23. Rxd8+ Rxd8 24. bxc3 Rb8 25. a4 Bc4 26. Re5 Nd7
27. Re7 Bxb5 28. axb5 Rxb5+ 29. Kc1 Nf6 30. g4 g6 31. Ra7 Rc5 32. Kd2 Nd5 33.
c4 Nb6 34. Kd3 Nxc4 35. Kd4 Rc8 36. c3 h6 37. h4 Nd2 38. Ke3 Rxc3+ 39. Kxd2
Rxf3 40. Rxa5 Rf4 41. h5 Rxg4 42. hxg6 fxg6 43. Ke3 Kg7 44. Ra7+ Kf6 45. Ra6+
Kg5 46. Kf3 h5 47. Ra5+ Kh4 48. Ra1 Rg3+ 49. Kf2 g5 50. Rh1+ Rh3 51. Rxh3+ Kxh3
52. Kg1 g4 53. Kh1 g3 0-1

[Event "European Youth Chess Championship G16"]
[Site "Prague, Top Hotel Prague"]
[Date "2016.08.22"]
[Round "5.45"]
[White "Mutlu, Beste"]
[Black "Pellicoro, Nathalie"]
[Result "1/2-1/2"]
[WhiteElo "1759"]
[BlackElo "1832"]
[PlyCount "72"]
[EventDate "2016.08.18"]

1. e4 e5 2. Nf3 Nc6 3. Bc4 Bc5 4. d3 Nf6 5. c3 a6 6. Nbd2 Ba7 7. h3 d6 8. Bb3
O-O 9. O-O Be6 10. Re1 Bxb3 11. axb3 d5 12. Qe2 Re8 13. Nf1 Nh5 14. Ng5 g6 15.
g3 Bc5 16. Kg2 h6 17. Nf3 Bf8 18. Ne3 Nf6 19. exd5 Nxd5 20. Ng4 Kh7 21. Qd2 f5
22. Ngxe5 Nxe5 23. Nxe5 Nf6 24. c4 Qd4 25. Nf3 Qd7 26. Rxe8 Rxe8 27. Ra5 Qd6
28. Qc3 Qb6 29. Ra4 Re2 30. Nd4 Re8 31. Be3 Bc5 32. Nc2 Bxe3 33. Nxe3 Qc6+ 34.
Kg1 Re6 35. Ra1 Qf3 36. Re1 f4 1/2-1/2

[Event "European Youth Chess Championship G16"]
[Site "Prague, Top Hotel Prague"]
[Date "2016.08.22"]
[Round "5.46"]
[White "Vitova, Anna"]
[Black "Tomcikova, Zuzana"]
[Result "1-0"]
[WhiteElo "1727"]
[BlackElo "1654"]
[PlyCount "73"]
[EventDate "2016.08.18"]

1. e4 c6 2. d4 d5 3. Nc3 dxe4 4. Nxe4 Bf5 5. Ng3 Bg6 6. Nf3 e6 7. h4 h6 8. h5
Bh7 9. Bd3 Bxd3 10. Qxd3 Nf6 11. Bd2 Nbd7 12. O-O-O Be7 13. Kb1 O-O 14. c4 a5
15. Qe2 a4 16. Ne5 a3 17. b3 Qc7 18. f4 Rfd8 19. Nf1 Nb6 20. Bc1 c5 21. dxc5
Bxc5 22. Nd2 Nbd7 23. Ndf3 Bb4 24. Nd4 Nc5 25. Nb5 Qb6 26. Rxd8+ Rxd8 27. Rd1
Rxd1 28. Qxd1 Nfe4 29. Be3 Qa5 30. g4 Nc3+ 31. Nxc3 Bxc3 32. Bxc5 Bxe5 33. b4
Qc7 34. fxe5 Qxe5 35. Qd4 Qe1+ 36. Kc2 Qe2+ 37. Kb3 1-0